| 000 | 01830cam a22003974a 4500 | ||
|---|---|---|---|
| 001 | 14753034 | ||
| 003 | OSt | ||
| 005 | 20160713134116.0 | ||
| 008 | 070227s2008 enka b 001 0 eng | ||
| 010 | _a 2007008606 | ||
| 016 | 7 |
_a101300370 _2DNLM |
|
| 020 | _a1405105895 (pbk. : alk. paper) | ||
| 020 | _a9781405105897 (pbk. : alk. paper) | ||
| 035 | _a(OCoLC)ocm85498854 | ||
| 040 |
_aDNLM/DLC _cDLC _dNLM _dBAKER _dBTCTA _dBWKUK _dBWK _dYDXCP _dIXA _dTSU _dDLC |
||
| 042 | _apcc | ||
| 082 |
_aWA 52.5 _bT61b 2008 |
||
| 100 | 1 |
_aGhaye, Tony. _910132 |
|
| 245 | 1 | 0 |
_aBuilding the reflective healthcare organisation / _cTony Ghaye. |
| 260 |
_aOxford ; _aMalden, MA : _bBlackwell Pub., _c2008. |
||
| 300 |
_axii, 243 p. : _bill. ; _c25 cm. |
||
| 504 | _aIncludes bibliographical references and index. | ||
| 505 | 0 | _aAction step 1 : developing an appreciation of reflective learning -- Action step 2 : re-learning as an innovation -- Action step 3 : journeying along action pathways-to-scale -- Action step 4 : a force for change. | |
| 650 | 0 |
_aHealth services administration. _910133 |
|
| 650 | 0 |
_aReflective teaching. _910134 |
|
| 650 | 0 |
_aOrganizational change. _92188 |
|
| 650 | 1 | 2 |
_aHealth Services Administration. _910135 |
| 650 | 2 | 2 |
_aOrganizational Innovation. _910136 |
| 650 | 2 | 2 |
_aProblem-Based Learning _xmethods. _910137 |
| 856 | 4 | 1 |
_3Table of contents only _uhttp://www.loc.gov/catdir/toc/ecip0712/2007008606.html |
| 856 | 4 | 2 |
_3Contributor biographical information _uhttp://www.loc.gov/catdir/enhancements/fy0802/2007008606-b.html |
| 856 | 4 | 2 |
_3Publisher description _uhttp://www.loc.gov/catdir/enhancements/fy0802/2007008606-d.html |
| 906 |
_a7 _bcbc _corignew _d1 _eecip _f20 _gy-gencatlg |
||
| 942 |
_2z _cO_SHELF |
||
| 999 |
_c4709 _d4709 |
||